Music Quiz

Random Music or Lyrics Quiz
Score 0/118 Timer 10:00
0 Plays Today
% Correct
I
99%
a
99%
don't
99%
don't
99%
don't
99%
I
99%
a
99%
don't
99%
don't
99%
I
99%
a
99%
don't
99%
She
98.5%
use
98.5%
She
98.5%
use
98.5%
She
98.5%
use
98.5%
She
98.5%
use
98.5%
use
98.5%
She
98.5%
use
98.5%
She
98.5%
She
98.5%
girl
97.1%
girl
97.1%
know
96.6%
who
96.6%
know
96.6%
who
96.6%
know
96.6%
who
96.6%
jelly
96.1%
uses
94.6%
uses
94.6%
uses
94.6%
Or
94.1%
Or
94.1%
Or
94.1%
% Correct
The
93.6%
the
93.6%
of
93.1%
of
93.1%
of
93.1%
of
93.1%
of
93.1%
to
92.6%
He
92.6%
He
92.6%
He
92.6%
He
92.6%
to
92.6%
any
91.7%
any
91.7%
these
91.2%
these
91.2%
her
89.7%
her
89.7%
guy
89.2%
vaseline
88.7%
Vaseline
88.7%
Vaseline
88.7%
butter
87.7%
magazines
87.3%
Magazines
87.3%
Magazines
87.3%
Magazines
87.3%
tangerines
87.3%
Tangerines
87.3%
Tangerines
87.3%
Tangerines
87.3%
Tangerines
87.3%
Tangerines
87.3%
his
85.3%
his
85.3%
toast
84.8%
nose
84.3%
me
83.3%
hair
83.3%
% Correct
hair
83.3%
ya
81.9%
ya
81.9%
cheese
81.9%
blows
81.9%
sleeve
81.9%
She's
81.9%
ya
81.9%
tissues
81.4%
make
80.9%
make
80.9%
color
80.9%
likes
80.4%
always
79.9%
changin'
78.4%
Be
78.4%
When
77.5%
reminds
77.5%
Cher
77%
orange
76.5%
breakfast
76%
real
76%
at
75%
at
75%
goes
74.5%
and
74.5%
She'll
73.5%
She'll
73.5%
That
72.5%
shows
71.6%
napkins
70.6%
store
70.1%
he's
69.1%
thinks
68.6%
home
68.1%
buy
68.1%
nothin'
63.7%
ghosts
62.7%

You're not logged in!

Compare scores with friends on all Sporcle quizzes.
OR
Log In

Sporcle TV

Today on Sporcle TV


Watch our educational content, quiz creation guides, and fun videos on Sporcle TV.

Show Comments

Extras

Created Oct 10, 2013ReportNominate
Tags:Lyrics Quiz, 1990s, Flaming Lips

Top Quizzes Today


Score Distribution

Paid Content

Your Account Isn't Verified!

In order to create a playlist on Sporcle, you need to verify the email address you used during registration. Go to your Sporcle Settings to finish the process.

Report this User

Report this user for behavior that violates our Community Guidelines.

Details: